| 000 | 00473nam a2200169Ia 4500 | ||
|---|---|---|---|
| 003 | GCL | ||
| 008 | 140319s9999 xx 000 0 eng d | ||
| 040 |
_aGCL / _cGCL |
||
| 082 | 0 | 4 |
_a338.1771'094 _bB M |
| 100 | 1 | _aBURRELL, SLISON | |
| 245 | 1 | 0 |
_aMILK QUOTAS IN THE EUROPEAN COMMUNITY / _cBURRELL, SLISON |
| 260 |
_a[S.N] : _bC. A. B INTERNATIONAL ، _c1989 |
||
| 300 | _a214 P | ||
| 650 | 0 | 4 | _aEUROPEAN COMMUNITY COUNTRIES |
| 650 | 0 | 4 | _aMILK INDUSTRIES |
| 942 |
_2ddc _cBK |
||
| 999 |
_c22867 _d22867 |
||